| 000 | 00702nam a2200205Ia 4500 | ||
|---|---|---|---|
| 003 | OSt | ||
| 005 | 20230411113101.0 | ||
| 008 | 210423s2010 xx 000 0 und d | ||
| 020 | _a9788174468192 | ||
| 040 | _cAL | ||
| 041 | _aeng | ||
| 082 | _a658 JAIR | ||
| 100 |
_aJAIN (Rajendra);LAKHOTIA (Neha),Ed. _986018 |
||
| 245 | _aManaging corporate responsibility and risk for synergising business practices to achieve organizational excellence. | ||
| 260 |
_aNew Delhi _bExcel Books _c2010 |
||
| 300 |
_axvii,515 _bPB |
||
| 365 |
_b695 _cINR |
||
| 906 | _aachieve ; business ; corporate ; excellence. ; Managing ; organizational ; practices ; responsibility ; risk ; synergising | ||
| 942 |
_2ddc _cBK |
||
| 999 |
_c158451 _d158451 |
||